Statistics for Jonathan's General Knowledge #15

Click here to take the quiz!

General Stats

  • This quiz has been taken 980 times
  • The average score is 9 of 20

Answer Stats

#HintAnswer% Correct
8Which chemical element has the symbol K?Potassium
76%
5Which American politican won a Nobel Peace Prize for his climate change activism?Al Gore
70%
1'Because we're worth it' is the slogan of which cosmetics company?L'Oreal
70%
2Which African country was called Zaïre between 1965 and 1997?Democratic Republic of the Congo
66%
14The Anglo-Zulu War took place in which country?South Africa
66%
20In which mobile app do you 'swipe' the screen to assess potential love interests?Tinder
64%
12Wuthering Heights was the only novel of which Englishwoman?Emily Brontë
59%
3Puff Daddy, Diddy, and P. Diddy are stage names of which American rapper?Sean Combs
53%
9What is the biggest-selling daily newspaper in the United Kingdom?The Sun
53%
4In 2002, who became the first driver to finish in the top three of every race in a Formula One season?Michael Schumacher
45%
13In 1943, Ingvar Kamprad founded which retail company?IKEA
44%
16Which singer was married to Christie Brinkley between 1985 and 1994?Billy Joel
43%
15In sport, PSG is the acronym of which club's name?Paris Saint-Germain
43%
18Which English leader supposedly attempted to 'abolish Christmas' in the 17th century?Oliver Cromwell
41%
6Who are the biggest selling Norwegian band of all time?a-ha
27%
11What is the most populated county in the United States?Los Angeles
20%
191941's Two-Faced Woman was the final film role of which Swedish actress?Greta Garbo
19%
7In which city will you find the Alhambra Islamic palace?Granada
17%
10In mathematics, what function is the inverse of a logarithmic function?Exponential
14%
17An art gallery at Salford Quays near Manchester is named after which painter?L.S. Lowry
12%

Score Distribution

Percentile by Number Answered

Percent of People with Each Score

Your Score History

You have not taken this quiz